Normal view
MARC view
- الشعر العربي - المقالات الادبية - النثر العربي
Entry Topical Term
001 - CONTROL NUMBER
- control field: 47277
003 - CONTROL NUMBER IDENTIFIER
- control field: JO-AjAnu
005 - DATE AND TIME OF LATEST TRANSACTION
- control field: 20230606081815.0
008 - FIXED-LENGTH DATA ELEMENTS
- fixed length control field: 230606|| aca||aabn | a|a d
040 ## - CATALOGING SOURCE
- Original cataloging agency: JO-AjAnu
- Transcribing agency: JO-AjAnu
150 ## - HEADING--TOPICAL TERM
- Topical term or geographic name entry element: الشعر العربي - المقالات الادبية - النثر العربي
670 ## - SOURCE DATA FOUND
- Source citation: Work cat.: (JO-AjAnu)24194: إعداد وتحرير وإشراف الشلبي، محمود, author 47276, رحيق الوعي: إبداعات أدبية ( 1) باقلام الطلبة